书目信息 |
| 题名: |
国际当代艺术家访谈录
|
|
| 作者: | 常宁生 主编 | |
| 分册: | ||
| 出版信息: | 南京 江苏美术出版社 2002 |
|
| 页数: | 332页 | |
| 开本: | 19cm | |
| 丛书名: | 外国现代美术理论丛书 | |
| 单 册: | ||
| 中图分类: | J03 | |
| 科图分类: | ||
| 主题词: | 艺术--工作人员 | |
| 电子资源: | ||
| ISBN: | 7-5344-1464-4 | |
| 000 | 00651nam2 2200217 45 | |
| 001 | 0405251500 | |
| 005 | 20040203224711.8 | |
| 010 | @a7-5344-1464-4@dCNY24.00 | |
| 100 | @a20040525d2002 km y0chiy0120 ea | |
| 101 | 0 | @achi |
| 105 | @aa z 000yy | |
| 200 | 1 | @a国际当代艺术家访谈录@AGuo Ji Dang Dai Yi Shu Jia Fang Tan Lu@f常宁生主编@FChang Ning Sheng Zhu Bian |
| 210 | @a南京@c江苏美术出版社@d2002 | |
| 215 | @a332页@c图@d19cm | |
| 225 | @a外国现代美术理论丛书 | |
| 410 | @12001 @a外国现代美术理论丛书 | |
| 606 | 0 | @a艺术@x工作人员 |
| 690 | @aJ03@v4 | |
| 701 | 0 | @a常宁生@4主编 |
| 801 | @aCN@bTSTC@c20040525 | |
| 905 | @b333721-725@dJ03@e108@f5 | |
| 国际当代艺术家访谈录/常宁生主编.-南京:江苏美术出版社,2002 |
| 332页:图;19cm.-(外国现代美术理论丛书) |
| ISBN 7-5344-1464-4:CNY24.00 |
| ● |
| 相关链接 |
|
|
|
|
正题名:国际当代艺术家访谈录
索取号:J03/108
 
预约/预借
| 序号 | 登录号 | 条形码 | 馆藏地/架位号 | 状态 | 备注 |
| 1 | 0333721 | 203337219 | 第一借阅区/ [索取号:J03/108] | 在馆 | |
| 2 | 0333722 | 203337228 | 第一借阅区/ [索取号:J03/108] | 在馆 | |
| 3 | 0333723 | 203337237 | 第一借阅区/ [索取号:J03/108] | 在馆 | |
| 4 | 0333724 | 203337246 | 第一借阅区/ [索取号:J03/108] | 在馆 | |
| 5 | 0333725 | 203337255 | 第一样本阅览室/ [索取号:J03/108] | 在馆 |